Normal view
MARC view
Entry Personal Name
001 - CONTROL NUMBER
- control field: 39100
003 - CONTROL NUMBER IDENTIFIER
- control field: ARRUPE
005 - DATE AND TIME OF LATEST TRANSACTION
- control field: 20180131091024.0
008 - FIXED-LENGTH DATA ELEMENTS
- fixed length control field: 180131|| aca||aabn | a|a d
040 ## - CATALOGING SOURCE
- Original cataloging agency: ARRUPE
- Transcribing agency: ARRUPE
100 ## - HEADING--PERSONAL NAME
- Personal name: Janzen, John M.
670 ## - SOURCE DATA FOUND
- Source citation: Work cat.: (ARRUPE)5562: Janzen, John M., The quest for therapy in lower Zaire /, 1978